[Event "IECG QF.2003.0.00046"]
[Site "IECG email"]
[Date "2003.10.20"]
[Round "?"]
[White "Mori, Roberto"]
[Black "Grimes, George"]
[Result "1-0"]
[WhiteElo "1182"]
[BlackElo "1100"]
[PlyCount "25"]
[EventDate "2003.10.22"]
[EventType "tourn (corr)"]
[EventRounds "6"]
[SourceTitle "Corr 2024"]
[Source "ChessBase"]
[SourceDate "2023.10.19"]
[SourceVersion "1"]
[SourceVersionDate "2023.10.19"]
[SourceQuality "1"]

1. e4 a6 2. Nc3 b5 3. d4 e6 4. Nf3 Bb7 5. Bd3 d5 6. exd5 exd5 7. 0-0 Bd6 8. a4 Nf6 9. Re1+ Be7 10. axb5 axb5 11. Rxa8 Bxa8 12. Bxb5+ c6 13. Bd3 1-0

[Event "IECG QF.2003.0.00046"]
[Site "IECG email"]
[Date "2003.10.17"]
[Round "1"]
[White "Michos, Dionyssios"]
[Black "Grimes, George"]
[Result "1-0"]
[WhiteElo "1060"]
[BlackElo "1100"]
[PlyCount "47"]
[EventDate "2003.10.22"]
[EventType "tourn (corr)"]
[EventRounds "6"]
[SourceTitle "Corr 2008"]
[Source "ChessBase"]
[SourceDate "2008.06.24"]
[SourceVersion "1"]
[SourceVersionDate "2008.06.24"]
[SourceQuality "1"]

1. e4 a6 2. d4 b5 3. Bd3 d5 4. Nf3 Nf6 5. e5 Ne4 6. 0-0 e6 7. a4 Bb7 8. axb5 axb5 9. Rxa8 Bxa8 10. Bxb5+ Nc6 11. Be3 Be7 12. c4 0-0 13. Qa4 h6 14. Bxc6 Bxc6 15. Qxc6 dxc4 16. Qxe4 Bg5 17. Bxg5 hxg5 18. Nbd2 f5 19. Qc6 Qe7 20. d5 g4 21. Nd4 exd5 22. Qxd5+ Qf7 23. e6 Rd8 24. exf7+ 1-0

[Event "IECG QF.2003.0.00046"]
[Site "IECG email"]
[Date "2003.10.13"]
[Round "1"]
[White "Grimes, George"]
[Black "Michos, Dionyssios"]
[Result "0-1"]
[WhiteElo "1100"]
[BlackElo "1060"]
[PlyCount "40"]
[EventDate "2003.10.22"]
[EventType "tourn (corr)"]
[EventRounds "6"]
[SourceTitle "Corr 2008"]
[Source "ChessBase"]
[SourceDate "2008.06.24"]
[SourceVersion "1"]
[SourceVersionDate "2008.06.24"]
[SourceQuality "1"]

1. e4 e5 2. Nf3 Nc6 3. Bb5 a6 4. Ba4 Nf6 5. Nc3 b5 6. Bb3 Be7 7. Ng5 0-0 8. Nxf7 Rxf7 9. Bxf7+ Kxf7 10. Nd5 Nxe4 11. Qf3+ Nf6 12. Nxe7 Qxe7 13. d3 d5 14. Bd2 Bg4 15. Qg3 Nd4 16. Rd1 Nxc2+ 17. Kf1 Bxd1 18. f3 e4 19. Kf2 e3+ 20. Bxe3 Qxe3+ 0-1

[Event "IECG QF.2003.0.00046"]
[Site "IECG email"]
[Date "2003.10.12"]
[Round "1"]
[White "Melvage, George"]
[Black "Grimes, George"]
[Result "1-0"]
[WhiteElo "1143"]
[BlackElo "1100"]
[PlyCount "71"]
[EventDate "2003.10.22"]
[EventType "tourn (corr)"]
[EventRounds "6"]
[SourceTitle "Corr 2008"]
[Source "ChessBase"]
[SourceDate "2008.06.24"]
[SourceVersion "1"]
[SourceVersionDate "2008.06.24"]
[SourceQuality "1"]

1. d4 d5 2. c4 e6 3. Nc3 Nf6 4. Nf3 dxc4 5. e4 Bb4 6. Qc2 Nc6 7. Be3 Ng4 8. Bxc4 Nxe3 9. fxe3 Bd7 10. 0-0 Na5 11. Bd3 Bc6 12. a3 Bxe4 13. Nxe4 Bd6 14. Nxd6+ Qxd6 15. Rac1 0-0 16. Qxc7 Qxc7 17. Rxc7 Rac8 18. Rfc1 Rxc7 19. Rxc7 h6 20. b4 Nb3 21. Rxb7 a5 22. bxa5 Nxa5 23. Ra7 Nc6 24. Ra6 Ne7 25. Be4 Nf5 26. Bxf5 exf5 27. a4 Re8 28. Kf2 Rc8 29. Ke2 Rc2+ 30. Nd2 g5 31. Rxh6 Kg7 32. Rb6 f6 33. a5 Rc8 34. a6 Ra8 35. Rb7+ Kg6 36. a7 1-0

[Event "IECG QN.2000.0.00108"]
[Site "IECG email"]
[Date "2000.04.05"]
[Round "?"]
[White "Grimes, George"]
[Black "Schreiter, Thomas"]
[Result "0-1"]
[WhiteElo "800"]
[BlackElo "800"]
[PlyCount "34"]
[EventDate "2000.04.05"]
[EventType "tourn (corr)"]
[EventRounds "6"]
[SourceTitle "Corr 2008"]
[Source "ChessBase"]
[SourceDate "2008.06.24"]
[SourceVersion "1"]
[SourceVersionDate "2008.06.24"]
[SourceQuality "1"]

1. e4 e5 2. Nf3 Nf6 3. Nxe5 d6 4. Nf3 Nxe4 5. d4 d5 6. Bf4 Qf6 7. Be5 Qb6 8. Nc3 Bb4 9. Qd3 0-0 10. Qe3 f6 11. a3 Bxc3+ 12. bxc3 Qb2 13. Rd1 fxe5 14. Nxe5 Nxf2 15. Qc1 Qxc3+ 16. Qd2 Nxd1 17. Kxd1 Qa1+ 0-1

[Event "IECG QN.2000.0.00108"]
[Site "IECG email"]
[Date "2000.04.05"]
[Round "?"]
[White "Korhonen, Paul"]
[Black "Grimes, George"]
[Result "1-0"]
[WhiteElo "558"]
[BlackElo "800"]
[PlyCount "73"]
[EventDate "2000.04.05"]
[EventType "tourn (corr)"]
[EventRounds "6"]
[SourceTitle "Corr 2008"]
[Source "ChessBase"]
[SourceDate "2008.06.24"]
[SourceVersion "1"]
[SourceVersionDate "2008.06.24"]
[SourceQuality "1"]

1. e4 e5 2. Nf3 Nc6 3. Be2 Bc5 4. 0-0 d6 5. c3 d5 6. d4 exd4 7. cxd4 Nxd4 8. Nxd4 Nf6 9. e5 Ne4 10. Nc3 Qe7 11. Be3 c6 12. f3 Ng5 13. f4 Ne4 14. Nxe4 dxe4 15. a3 a5 16. Nc2 b6 17. Bxc5 Qxc5+ 18. Qd4 Qxc2 19. Rfe1 c5 20. Bb5+ Bd7 21. Qxd7+ Kf8 22. Bc6 Qd3 23. Qxd3 exd3 24. Bxa8 Ke7 25. Be4 c4 26. Rad1 Rc8 27. Bf5 Rc6 28. Re4 g6 29. Bh3 f5 30. exf6+ Kf7 31. f5 gxf5 32. Bxf5 Rxf6 33. Rf1 Rd6 34. Bxh7+ Rf6 35. Rxf6+ Kxf6 36. Rxc4 Kg7 37. Bxd3 1-0